Shadowhunters personnages - Statistiques

Statistiques générales
  • Ce quiz a été pris 195 fois
  • Le résultat moyen est 12 sur 40
Statistiques - réponses
Réponse % Correct
Alec Lightwood
86%
Isabelle Lightwood
80%
Clary Fray
77%
Jace Wayland
74%
Magnus Bane
73%
Max Lightwood
61%
Simon Lewis
61%
Maryse Lightwood
60%
Robert Lightwood
54%
Valentin Morgenstern
49%
Jocelyne Fray
42%
Raphael Santiago
35%
Lucian Graymark
34%
Imogen Herondal
27%
Maia Roberts
27%
Rebecca Lewis
27%
Sébastien Verlac
27%
Camille Belcourt
26%
Elaine Lewis
26%
Meliorn
25%
Lydia Branwell
21%
Victor Aldertree
21%
Hodge Starkweather
16%
Lorenzo Rey
15%
Madzie
15%
Aline Penhallow
14%
Catarina Loss
14%
Jia Penhallow
14%
Jordan Kyle
14%
Heidi McKenzie
13%
Helen Blackthorn
11%
Seelie Queen
10%
Asmodeus
9%
Alaric Rodriguez
8%
Iris Rouse
8%
Andrew Underhill
7%
Gretel
5%
Trevor Hayes
5%
Morgan Young
2%
Zachariac
2%
Aucun quiz correspondant
Distribution des résultats
% des personnes avec chaque résultat
Percentile par nombre de réponses
Votre historique - résultats
Vous n’avez pas pris ce quiz